000 00583nam a2200205 a 4500
001 BRCA_3520
005 20190320204323.0
008 260709s1941----u--a---###---#000-0#eng-#
041 _aeng
044 _au
050 4 _aF1408
_b.H47 1941
100 1 _aHerring, Hubert Clinton.
_99146
245 1 0 _aGood neighbors
_bArgentina, Brazil, Chile & seventeen other countries
_cby Hurbert Herring.
260 _aNew Haven, Connecticut
_bYale University
_c1941
300 _a381 p.
_bil.
_c24 cm.
500 _aB124.
651 4 _aAmérica Latina.
_99147
902 _aGFM
942 _2lcc
_cB
999 _c3255
_d3255